Medical Vocabulary #19 - Statistics

General Stats
  • This quiz has been taken 96 times
  • The average score is 16 of 25
Answer Stats
Hint Answer % Correct
A physician trained to diagnose and treat disorders of the nervous system, including the brain and spinal cord. neurologist
83%
Treatment with high-energy rays (from x-rays or other sources) designed to control disease and destroy cancer cells. radiation therapy
83%
The calf bone in a human leg. fibula
81%
A false or inactive medication or treatment that may still offer relief despite being ineffective. In clinical trials, the effectiveness of a new drug is often tested against one of these. placebo
81%
The last 12 centimeters of the colon, through which waste is eliminated from the body. rectum
80%
A cord of collagen fibers that connect a muscle to a bone. tendon
78%
A thin layer of tissue that lines many cavities and structures in the body that are exposed to air in the environment, such as the nose, mouth, and lungs. mucus membrane
73%
Paralysis of the legs and lower part of the body. paraplegia
73%
A disease caused by vitamin C deficiency, characterized by bruising, poor wound healing, bleeding of the gums, and loosened teeth. scurvy
73%
A hardened layer of plaque that builds up on teeth. Also called calculus. tartar
69%
A physician with extensive specialized training in treating the eye and eye disease. ophthalmologist
66%
A deadly heart rhythm in which the ventricles contract independently of the atria and in a chaotic manner. ventricular fibrillation
66%
An eye disease that slowly destroys sharp, clear central vision. macular degeneration
63%
An unstable molecule in the body that plays a role in aging and can damage tissue; antioxidants help prevent damage to these molecules. free radical
59%
A type of white blood cell that destroys cell debris, bacteria, and foreign agents. macrophage
59%
Pain or tenderness in a muscle. myalgia
59%
A simple, painless breathing test performed in a physician’s office or pulmonary function laboratory that measures how fast air can be forced from the lungs and the total amount of air that can be emptied from the lungs. spirometry
58%
A health care professional (but not a medical doctor) licensed to examine the eye, and diagnose and treat some eye diseases. optometrist
56%
The process of determining how far cancer has progressed. Often used to determine the best course of treatment. staging
56%
An adjective used to describe an infection acquired in a hospital or other healthcare facility. nosocomial
54%
Tissue containing nerves and blood vessels that fills the chamber at the center of the tooth. pulp
54%
A technician who helps select and fit eyeglasses or contact lenses for people with vision problems. optician
51%
A localized patch of gray or white hair on the scalp, eyebrows, or eyelashes. poliosis
49%
An itchy condition of the scalp caused by a fungal infection. Also known as tinea capitis. ringworm
47%
Steps taken to prevent a particular disease or condition, such as taking nitroglycerin to prevent angina. prophylaxis
44%
No matching quizzes found
Score Distribution
Percent of People with Each Score
Percentile by Number Answered
Your Score History
You have not taken this quiz